000
00359nam a2200145 a 4500
005
20140414131901.0
008
100902s19uu xx 00 eng d
020
_a
050
_a
FIC
_b
B78 2004
100
_a
Bronte, Charlotte
245
_a
Jane Eyre.
260
_a
Elgin, IL :
_b
New Dawn Press,
_c
2004.
440
_a
Illustrated classics
999
_c
110649
_d
110649